| 000 | 00361 a2200121 4500 | ||
|---|---|---|---|
| 020 | _a0471355569 | ||
| 082 | _a624.171 WES | ||
| 100 | _aWest, Harry H., | ||
| 245 |
_aFundamentals of structural analysis _cHarry H. West and Louis F. Geschwinder. |
||
| 250 | _a2nd. ed. | ||
| 260 |
_aNew York : _bJohn Wiley, _c2002. |
||
| 300 |
_axvii, 567 p. : _bill. ; _c26 cm. |
||
| 650 | _aStructural analysis | ||
| 999 |
_c334 _d334 |
||